Films Disney par chansons (2ème partie) - Statistiques

Statistiques générales
  • Ce quiz a été pris 243 fois
  • Le résultat moyen est 11 sur 15
Statistiques - réponses
Hint Réponse % Correct
Il en faut peu pour être heureux ; Être un homme comme vous Le livre de la jungle
98%
Je vole ; Ce rêve bleu Aladdin
97%
Les harpies ; Bibidi Bobidi Bou Cendrillon
95%
Un joyeux non-anniversaire ; Peignons les roses en rouge Alice au pays des merveilles
91%
Un chat, un chien et un rongeur, I thought I lost you Volt, star malgré lui
78%
Je veux savoir ; Enfant de l'homme Tarzan
77%
Mon tout petit ; La chanson des manoeuvres Dumbo
74%
Le roi de mauvais aloi ; A Nottingham Robin des Bois
70%
Dans un autre monde ; Je te cherche La Reine des neiges 2
68%
C'est ce qui fait que tout tourne rond ; Higitus Figitus Merlin l'enchanteur
66%
Le retour du soleil d'antan ; Un petit coin de paradis au Far-West La ferme se rebelle
65%
Je vais avoir un chee-hoo ? ; Aller plus loin Vaiana 2
64%
Les grands esprits ; Je m'en vais Frère des ours
63%
Un monde parfait ; Walk the llama llama Kuzco, l'empereur mégalo
63%
Ce n'est plus mon roi ; Ma promesse Wish : Asha et la bonne étoile
46%
Aucun quiz correspondant
Distribution des résultats
% des personnes avec chaque résultat
Percentile par nombre de réponses
Votre historique - résultats
Vous n’avez pas pris ce quiz